00351nam a2200145Ia 45000030006000000080041000060400015000471000018000622450021000802500006001012600061001073000006001685460014001740050017001880STCL150530s9999 xx 000 0 und d aSTCLcSTCL aKesava Dev, P aNjandiyute Katha a1 bSahitya Pravarthaka Co Operative Society ; Kottayac1974 a0 aMalayalam20220125171517.0